000 00595nam a22002177a 4500
005 20170124110115.0
010 _a781644
020 _c00.00
_a0236176234
035 _a781644
037 _bCen Lib/Ret
040 _aDPL
_bEN
082 _aS
_bGUN
100 _aGunnell, Bryn
_929830
245 _aThe cashew-nut girl :
_cby Bryn Gunnell
_bstories of india /
260 _aLondon
_bElek Books
_c1974
270 _bLondon
_a54-58 caledonain road
300 _a196p.
_c21cm(Hb)
650 _aLiterature fiction
_973036
650 _aEnglish stories
_926733
942 _2ddc
_cEN
_hS
_mGUN
999 _c130679
_d130679